000 00928nam a22002537a 4500
999 _c65564
_d65564
005 20240530110831.0
008 190903s1992 le a g b 000 0 ara d
017 _bمصر. دار الكتب
040 _aEG-CaGPL
_cEG-CaGPL
082 0 4 _221
_a229.5 \
_bس إ
100 0 _aسعيد ايوب
245 1 2 _aالانحرافات الكبرى :
_bالقرى الظالمة فى القران الكريم /
_cسعيد ايوب
250 _aط.1
260 _aبيروت :
_bدار الهادى،
_c1992 .
300 _a504 ص. ؛
_c24 سم.
504 _aيشتمل على ارجاعات ببليوجرافية
650 0 7 _2qrmak
_aالقران الكريم
_xتفسير
650 0 7 _aاخلاق الرسول
_2qrmak
650 0 7 _aالسيرة النبوية
_2qrmak
650 0 7 _aالقران الكريم
_xسور وايات
_2qrmak
651 _2qrmak
942 _2ddc
_cBK